Statistics for 10 Largest Cities by Continent on the Borderless World Map in Order

Click here to take the quiz!

General Stats

  • This quiz has been taken 540 times
  • The average score is 43 of 60

Answers on the Map

Answers color-coded by a green-red scale on the quiz's map according to % correct below.
Loading ...
 

Answer Stats

City% Correct
Lagos
92%
Cairo
91%
Moscow
89%
London
89%
Paris
88%
Madrid
87%
Mexico City
87%
Johannesburg
87%
Los Angeles
85%
New York
85%
Chicago
84%
São Paulo
82%
Guangzhou
81%
Tokyo
81%
Shanghai
80%
Buenos Aires
80%
Rio de Janeiro
80%
Lima
80%
Sydney
79%
Washington
79%
Kinshasa
79%
Jakarta
79%
Bogotá
78%
San Francisco
78%
Santiago
78%
Delhi
78%
Melbourne
76%
Boston
75%
Luanda
73%
Karachi
73%
Seoul
73%
Perth
72%
Philadelphia
72%
Toronto
72%
Auckland
71%
Brisbane
71%
Manila
71%
Mumbai
71%
Dar es Salaam
71%
Khartoum
71%
Nairobi
70%
Dallas
70%
Beijing
70%
Alexandria
68%
Milan
67%
Saint Petersburg
66%
Adelaide
65%
The Ruhr
65%
Belo Horizonte
64%
Barcelona
60%
Berlin
59%
Abidjan
57%
Cologne
57%
Honolulu
54%
Brasília
53%
Porto Alegre
49%
Medellín
49%
Wellington
42%
Canberra
35%
Gold Coast
35%

Score Distribution

Percentile by Number Answered

Percent of People with Each Score

Your Score History

You have not taken this quiz